000 00938nam a22002657a 4500
001 7682
003 FISKH
005 20250731085641.0
008 250731b cb ||||| |||| 00| 0 eng d
020 _a609746120166
040 _aFISKH
_beng
_cFISKH
_dFISKH
050 _aPZ7.H1198 E
082 _a546
100 _aHafner, Marylin
245 _aEmmett's dream /
_cMarylin Hafner
260 _aColumbus :
_bCarus Publishing,
_c2002.
300 _a30 pages :
_bcolor illustrations ;
_c21 x 26 cm
505 _aG
520 _aMolly gets so busy researching her family history for a school project that her cat Emmett feels left out, until Molly tells him about his own famous relatives. Includes suggestions for a genealogy project.
521 8 _a380
_bLexile estimate
521 8 _aG
_bRaz-Plus
650 _aChildren's Library
_vPicture Book
_xFamily Tree
_yDreams Family
942 _2ddc
_cBK
_n0
999 _c7682
_d7682